000 00258nam a22001217a 4500
008 180201b xxu||||| |||| 00| 0 eng d
041 _aeng
080 _a573
100 _a11
101 _aBIO
245 _aCELL BIOLOGY
_cROBERTIS.E.D.P
942 _2udc
_cBK
999 _c41498
_d41498